MARC

Tag First Indicator Second Indicator Subfields
LEADER 00000cam a2200000 i 4500
001 in00003605113
005 20211120173806.0
006 m o d f
007 cr mn|||||||||
008 140812s1987 vauab ob f000 0 eng c
035 |a (OCoLC)ocn886560354 
040 |a COP  |b eng  |e rda  |e pn  |c COP  |d OCLCO  |d OCLCF  |d GPO  |d MvI  |d UtOrBLW 
042 |a pcc 
043 |a n-us-nv 
049 |a WWW 
074 |a 0620 (online) 
086 0 |a I 19.3:1726-D 
100 1 |a Bergquist, Joel R.,  |e author.  |0 http://id.loc.gov/authorities/names/n83157014 
245 1 0 |a Mineral resources of the Blue Lakes Wilderness Study Area, Humboldt County, Nevada /  |c by Joel R. Bergquist [and five others]. 
264 1 |a [Reston, Va.] :  |b Department of the Interior, U.S. Geological Survey,  |c 1987. 
264 2 |a Washington :  |b United States Government Printing Office 
300 |a 1 online resource (v, 18 pages) :  |b illustrations, maps. 
336 |a text  |b txt  |2 rdacontent 
337 |a computer  |b c  |2 rdamedia 
338 |a online resource  |b cr  |2 rdacarrier 
490 1 |a U.S. Geological Survey bulletin ;  |v 1726-D 
490 1 |a Mineral resources of wilderness study areas--Humboldt and Pershing counties, Nevada ;  |v ch. D 
490 1 |a Studies related to wilderness--Bureau of Land Management wilderness study area 
500 |a Title from title screen (viewed Aug. 11, 2014). 
504 |a Includes bibliographical references (pages 9-10). 
650 0 |a Mines and mineral resources  |z Nevada  |z Blue Lakes Wilderness. 
650 0 |a Geology  |z Nevada  |z Blue Lakes Wilderness. 
650 7 |a Geology.  |2 fast  |0 (OCoLC)fst00940627 
650 7 |a Mines and mineral resources.  |2 fast  |0 (OCoLC)fst01022541 
651 0 |a Blue Lakes Wilderness (Nev.)  |0 http://id.loc.gov/authorities/subjects/sh87001530 
651 7 |a Nevada  |z Blue Lakes Wilderness.  |2 fast  |0 (OCoLC)fst01241308 
710 2 |a Geological Survey (U.S.),  |e issuing body.  |0 http://id.loc.gov/authorities/names/n80092173 
776 0 8 |i Print version:  |t Mineral resources of the Blue Lakes Wilderness Study Area, Humboldt County, Nevada  |w (DLC) 87600089  |w (OCoLC)15488235 
830 0 |a U.S. Geological Survey bulletin ;  |v 1726-D.  |0 http://id.loc.gov/authorities/names/n83720325 
830 0 |a Mineral resources of wilderness study areas--Humboldt and Pershing counties, Nevada ;  |v ch. D.  |0 http://id.loc.gov/authorities/names/n86746909 
830 0 |a Studies related to wilderness--Bureau of Land Management wilderness study areas.  |0 http://id.loc.gov/authorities/names/n88525682 
856 4 0 |u https://purl.fdlp.gov/GPO/gpo64170  |t 0 
999 f f |s 8479b7aa-b236-3138-9a9d-8a8eefb27cec  |i 327ede5e-91f4-33d4-894f-a4a47a487d02  |t 0 
952 f f |a Texas A&M University  |b College Station  |c Electronic Resources  |d Available Online  |t 0  |e I 19.3:1726-D  |h Superintendent of Documents classification 
998 f f |a I 19.3:1726-D  |t 0  |l Available Online